学習理論-認識の形成 = Theory of learning-Formation of recognition

Saved in:
Bibliographic Details
Main Author: Hirooka, Ryozo
Format: Book
Language:Undetermined
Published: Japan 1973
Subjects:
Tags: Add Tag
No Tags, Be the first to tag this record!
Institutions: Trung tâm Học liệu Trường Đại học Cần Thơ
LEADER 00558nam a2200193Ia 4500
001 CTU_239698
008 210402s9999 xx 000 0 und d
082 |a 370.952 
082 |b H668 
100 |a Hirooka, Ryozo 
245 0 |a 学習理論-認識の形成 = 
245 0 |b Theory of learning-Formation of recognition 
245 0 |c Ryozo Hirooka (広岡亮蔵) 
260 |a Japan 
260 |c 1973 
650 |a Giáo dục,Education 
650 |z Nhật Bản,Japan 
910 |a Tuyến 
980 |a Trung tâm Học liệu Trường Đại học Cần Thơ